IFAC symposium on dynamics and control of chemical reactors and distillation columns : [preprints of an IFAC symposium, Bournemouth, UK 8-10 December, 1986] /

Guardado en:
Autores Corporativos: Symposium on dynamics and control of chemical reactors and distillation columns Bournemouth, UK), International Federation of Automatic Control. Technical Committee on Applications., European Federation of Chemical Engineering., Institution of Chemical Engineers (Great Britain)
Formato: Libro
Idioma:English
Publicado: [Oxford, England] : Published for the International Federation of Automatic Control (IFAC), technical committee on applications, 1986.
Materias:
Etiquetas: Agregar Etiqueta
Sin Etiquetas, Sea el primero en etiquetar este registro!
LEADER 01417nam a22002295a 4500
001 EIQ.libpla001394
008 060921s1986####enka#####b####100#0#eng#d
005 20080319171712.0
245 1 0 |a IFAC symposium on dynamics and control of chemical reactors and distillation columns :  |b [preprints of an IFAC symposium, Bournemouth, UK 8-10 December, 1986] /  |c sponsor International Federation of Automatic Control (IFAC) ; organiser Institute of measurement and control ; co-sponsors European Federation of Chemical Engineering, Institute of Chemical Engineers, UK. 
260 |a [Oxford, England] :  |b Published for the International Federation of Automatic Control (IFAC), technical committee on applications,  |c 1986. 
300 |a 325 p. :  |b il. ;  |c 28 cm. 
504 |a Incluye referencias bibliográficas. 
111 2 |a Symposium on dynamics and control of chemical reactors and distillation columns  |d (1986 :  |c Bournemouth, UK) 
710 2 |a International Federation of Automatic Control.  |b Technical Committee on Applications. 
710 2 |a European Federation of Chemical Engineering. 
710 2 |a Institution of Chemical Engineers (Great Britain) 
650 4 |a Reactores químicos  |x Congresos. 
650 4 |a Aparatos de destilación  |x Congresos. 
650 4 |a Chemical reactors  |x Congresses. 
650 4 |a Distillation apparatus  |x Congresses. 
040 |a AR-BbSID  |b spa  |c AR-BbSID 
859 |a AR-BbSID  |b BIB. PLAPIQUI  |h 629.8  |i Sy 68  |p 4548